| 000 | 00391nam a2200145Ia 4500 | ||
|---|---|---|---|
| 005 | 20250729165722.0 | ||
| 008 | 250729s2012 xx 000 0 und d | ||
| 041 | _aeng | ||
| 082 | _a000.1 KAMU | ||
| 100 |
_aKamal Deep Singh _9231311 |
||
| 245 | _aUsing Computers in Education | ||
| 260 |
_aNewdelhi _bDanpat Rai Publication _c2012 |
||
| 300 | _a507p | ||
| 650 |
_aComputer Education _9231312 |
||
| 999 |
_c239218 _d239218 |
||